书目信息 |
| 题名: |
线性放大器应用手册
|
|
| 作者: | 刘征宇 主编 | |
| 分册: | ||
| 出版信息: | 福州 福建科学技术出版社 2005.05 |
|
| 页数: | 383页 | |
| 开本: | 26cm | |
| 丛书名: | ||
| 单 册: | ||
| 中图分类: | TN722-62 | |
| 科图分类: | ||
| 主题词: | 线性放大器--xian xing fang da qi--手册 | |
| 电子资源: | ||
| ISBN: | 7-5335-2556-6 | |
| 000 | 00861nam0 2200217 450 | |
| 001 | 012006364828 | |
| 005 | 20070611161849.07 | |
| 010 | @a7-5335-2556-6@b精装@dCNY58.00 (含光盘) | |
| 100 | @a20061210d2005 km y0chiy0120 ea | |
| 101 | 0 | @achi |
| 102 | @aCN@b350000 | |
| 105 | @ay z 000yy | |
| 200 | 1 | @a线性放大器应用手册@Axian xing fang da qi ying yong shou ce@f刘征宇主编@Fliu zheng yu zhu bian |
| 210 | @a福州@c福建科学技术出版社@d2005.05 | |
| 215 | @a383页@d26cm@e光盘1片 | |
| 330 | @a本书精选了国内外线性放大器线性放大器IC的最新资料,力求全面涉及各种类型的线性放大器,从不同设计角度为使用者提供所需的线性放大器的应用资料和实用电路,并能根据具体设计方案选定所需的放大器IC。 | |
| 606 | 0 | @a线性放大器@Axian xing fang da qi@j手册 |
| 690 | @aTN722-62@v4 | |
| 701 | 0 | @a刘征宇@Aliu zheng yu@4主编 |
| 801 | 0 | @aCN@c20070611 |
| 905 | @a10447@dTN722-62@eL728 | |
| 线性放大器应用手册/刘征宇主编.-福州:福建科学技术出版社,2005.05 |
| 383页;26cm+光盘1片 |
| ISBN 7-5335-2556-6(精装):CNY58.00 (含光盘) |
| 本书精选了国内外线性放大器线性放大器IC的最新资料,力求全面涉及各种类型的线性放大器,从不同设计角度为使用者提供所需的线性放大器的应用资料和实用电路,并能根据具体设计方案选定所需的放大器IC。 |
| ● |
| 相关链接 |
|
|
|
正题名:线性放大器应用手册
索取号:TN722-62/L728
 
预约/预借
| 序号 | 登录号 | 条形码 | 馆藏地/架位号 | 状态 | 备注 |
| 1 | 230994 | 202309947 | 自科库301/301自科库 31排3列5层/ [索取号:TN722-62/L728] | 在馆 |